=LDR 00000nam 2200000 4500 =001 INLIS000000000009626 =005 20130612101418 =008 ***********************************Ind** =035 ##$$0010-061300000009626 =041 ##$$a Ind =082 ##$$a 005.712 =090 ##$$a 005.712, Tos k =100 ##$$a Tosin, Rijanto =245 ##$$a Kursus KIlat 24 Jurus Publisher 2000, Rijanto Tosin =260 ##$$a 2000 $b Jakarta =300 ##$$a 176 hlm, 21 cm =650 ##$$a Publisher 2000 (Program KOmputer) =850 ##$$a NBPNMAT